[Event "Cincuentenario C.A. Villa Martelli"]
[Site "Villa Martelli ARG"]
[Date "2005.08.17"]
[Round "1.1"]
[White "Felgaer, Ruben"]
[Black "Valerga, Diego"]
[Result "1-0"]
[WhiteElo "2618"]
[BlackElo "2499"]
[PlyCount "103"]
[EventDate "2005.08.17"]
[EventType "tourn"]
[EventRounds "2"]
[EventCountry "ARG"]
[EventCategory "13"]
[Source "lmi"]
[SourceDate "2005.08.28"]

1. e4 c5 2. Nf3 e6 3. d4 cxd4 4. Nxd4 Nf6 5. Nc3 d6 6. Be2 Be7 7. O-O O-O 8. f4
Nc6 9. Be3 a6 10. a4 Qc7 11. Kh1 Re8 12. Bf3 Rb8 13. Qe1 Nxd4 14. Bxd4 e5 15.
Ba7 Ra8 16. Be3 exf4 17. Bxf4 Be6 18. e5 dxe5 19. Bxe5 Qc8 20. Qg3 g6 21. Qf4
Nd7 22. Bd4 Bc5 23. Bxc5 Qxc5 24. Rad1 Qe5 25. Bxb7 Qxf4 26. Rxf4 Rab8 27. Bc6
Rxb2 28. Ne4 Kh8 29. Nc5 Rc8 30. Nxe6 Rxc6 31. h3 Rxe6 32. Rxd7 Kg8 33. Rfxf7
Rxc2 34. Rg7+ Kh8 35. Rxh7+ Kg8 36. Rdg7+ Kf8 37. Ra7 Kg8 38. Rhd7 Rc8 39. Kh2
Kf8 40. Rh7 Kg8 41. a5 Ra8 42. Rag7+ Kf8 43. Kg3 Rd8 44. Ra7 Kg8 45. Rhg7+ Kf8
46. Raf7+ Ke8 47. Rh7 Rd3+ 48. Kh2 Rd8 49. Rb7 Rf6 50. Rb6 Rfd6 51. Rg7 Rd2 52.
Rxa6 1-0

[Event "Cincuentenario C.A. Villa Martelli"]
[Site "Villa Martelli ARG"]
[Date "2005.08.17"]
[Round "1.2"]
[White "Rodriguez, Andres"]
[Black "Leitao, Rafael"]
[Result "0-1"]
[WhiteElo "2523"]
[BlackElo "2598"]
[PlyCount "84"]
[EventDate "2005.08.17"]
[EventType "tourn"]
[EventRounds "2"]
[EventCountry "ARG"]
[EventCategory "13"]
[Source "lmi"]
[SourceDate "2005.08.28"]

1. e4 c6 2. d4 d5 3. Nd2 dxe4 4. Nxe4 Bf5 5. Ng3 Bg6 6. Bc4 e6 7. N1e2 Nf6 8.
O-O Nbd7 9. f4 Nb6 10. Bd3 Bxd3 11. Qxd3 g6 12. b3 Bg7 13. f5 O-O 14. fxe6 fxe6
15. Ba3 Re8 16. Rad1 e5 17. dxe5 Qxd3 18. Rxd3 Ng4 19. Ne4 Nxe5 20. Rd2 Nec4
21. bxc4 Rxe4 22. Ng3 Rxc4 23. Re2 Nd5 24. Rf3 Ra4 25. Rb3 b5 26. h3 b4 27. Bb2
Rxa2 28. Bxg7 Kxg7 29. c4 Ra1+ 30. Kh2 Nc3 31. Re7+ Kf6 32. Rxh7 a5 33. Rc7 Ra6
34. Rb2 Ke5 35. Rd2 Rd1 36. Re7+ Kf6 37. Rxd1 Kxe7 38. Re1+ Kd6 39. Nf1 b3 40.
Nd2 b2 41. h4 a4 42. c5+ Kd5 0-1

[Event "Cincuentenario C.A. Villa Martelli"]
[Site "Villa Martelli ARG"]
[Date "2005.08.18"]
[Round "2.1"]
[White "Valerga, Diego"]
[Black "Slipak, Sergio"]
[Result "1/2-1/2"]
[WhiteElo "2499"]
[BlackElo "2489"]
[PlyCount "55"]
[EventDate "2005.08.17"]
[EventType "tourn"]
[EventRounds "2"]
[EventCountry "ARG"]
[EventCategory "13"]
[Source "lmi"]
[SourceDate "2005.08.28"]

1. e4 e5 2. Nf3 Nc6 3. Bb5 Nf6 4. O-O Nxe4 5. d4 Nd6 6. Bxc6 dxc6 7. dxe5 Ne4
8. Qe2 Bf5 9. Rd1 Qc8 10. Be3 Bg6 11. Nbd2 Nc5 12. Bxc5 Bxc5 13. Ne4 Be7 14.
Nf6+ gxf6 15. exf6 Qe6 16. Qxe6 fxe6 17. fxe7 Bxc2 18. Re1 Kxe7 19. Nd4 Bg6 20.
Nxe6 Kf6 21. Nc5 Bf7 22. b3 b6 23. Nd7+ Kg7 24. f4 Rhe8 25. Ne5 Bd5 26. Re3 a5
27. a3 Rad8 28. Rc1 1/2-1/2

[Event "Cincuentenario C.A. Villa Martelli"]
[Site "Villa Martelli ARG"]
[Date "2005.08.18"]
[Round "2.3"]
[White "Felgaer, Ruben"]
[Black "Rodriguez, Andres"]
[Result "1-0"]
[WhiteElo "2618"]
[BlackElo "2523"]
[PlyCount "75"]
[EventDate "2005.08.17"]
[EventType "tourn"]
[EventRounds "2"]
[EventCountry "ARG"]
[EventCategory "13"]
[Source "lmi"]
[SourceDate "2005.08.28"]

1. c4 d6 2. Nc3 e5 3. g3 g6 4. Bg2 Bg7 5. e3 Nc6 6. Nge2 Be6 7. d4 exd4 8. Nxd4
Bd7 9. O-O Nge7 10. Nde2 Ne5 11. b3 Bc6 12. e4 f5 13. Nd4 Qd7 14. Nd5 O-O 15.
Bg5 Bxd5 16. exd5 h6 17. Bc1 Rf7 18. f4 Ng4 19. Rb1 c6 20. Ne6 cxd5 21. cxd5
Bh8 22. Qd3 a6 23. h3 Nf6 24. a4 Kh7 25. Re1 Re8 26. Bd2 b5 27. Kh2 bxa4 28.
bxa4 Qxa4 29. Rb6 Rc8 30. Rxd6 Ne4 31. Nd8 Rf6 32. Re6 Rxe6 33. Nxe6 Qc2 34.
Qa3 Bf6 35. Be3 Rb8 36. Bd4 Rb3 37. Qa4 Bh4 38. Qe8 1-0

[Event "Cincuentenario C.A. Villa Martelli"]
[Site "Villa Martelli ARG"]
[Date "2005.08.19"]
[Round "3.1"]
[White "Rodriguez, Andres"]
[Black "Valerga, Diego"]
[Result "0-1"]
[WhiteElo "2523"]
[BlackElo "2499"]
[PlyCount "110"]
[EventDate "2005.08.17"]
[EventType "tourn"]
[EventRounds "2"]
[EventCountry "ARG"]
[EventCategory "13"]
[Source "lmi"]
[SourceDate "2005.08.28"]

1. e4 c5 2. Nc3 e6 3. Nf3 a6 4. g3 d6 5. d4 cxd4 6. Nxd4 Nf6 7. Bg2 Be7 8. a4
O-O 9. a5 d5 10. exd5 exd5 11. Nb3 Bg4 12. f3 Be6 13. Be3 Nc6 14. O-O Ne5 15.
Bb6 Qd7 16. Na4 Nc4 17. Bd4 Rad8 18. Nbc5 Qc6 19. Qe1 Rfe8 20. b3 Bh3 21. Qf2
Bxg2 22. Kxg2 Nd6 23. Nd3 Nf5 24. Bb6 Rc8 25. Ra2 Bd8 26. Kg1 Bxb6 27. Nxb6 Rc7
28. c4 dxc4 29. Nxc4 h5 30. Qb6 Nd5 31. Qxc6 Rxc6 32. Kf2 Nc3 33. Rd2 Rd8 34.
Nde5 Rxd2+ 35. Nxd2 Re6 36. Re1 f6 37. Nec4 Kf7 38. g4 hxg4 39. fxg4 Nd6 40.
Nxd6+ Rxd6 41. Nc4 Rd5 42. Rc1 Na2 43. Re1 Nb4 44. Ke2 Nc6 45. Rd1 Ke6 46. Rxd5
Kxd5 47. Kd3 g5 48. Kc3 Ne5 49. Kb4 Nxg4 50. h3 Nf2 51. Nb6+ Kc6 52. Kc4 Nxh3
53. Nd5 g4 54. Nxf6 g3 55. Ng4 g2 0-1

[Event "Cincuentenario C.A. Villa Martelli"]
[Site "Villa Martelli ARG"]
[Date "2005.08.20"]
[Round "4.1"]
[White "Valerga, Diego"]
[Black "Leitao, Rafael"]
[Result "1/2-1/2"]
[WhiteElo "2499"]
[BlackElo "2598"]
[PlyCount "44"]
[EventDate "2005.08.17"]
[EventType "tourn"]
[EventRounds "2"]
[EventCountry "ARG"]
[EventCategory "13"]
[Source "lmi"]
[SourceDate "2005.08.28"]

1. e4 d6 2. d4 Nf6 3. Nc3 g6 4. g3 Bg7 5. Bg2 O-O 6. Nge2 Nbd7 7. O-O c5 8. h3
Rb8 9. a4 b6 10. Bg5 h6 11. Be3 cxd4 12. Nxd4 Bb7 13. Qc1 Kh7 14. Rd1 a6 15.
Nde2 Nc5 16. e5 Ne8 17. exd6 Nxd6 18. Bd4 Bxg2 19. Bxg7 Kxg7 20. Kxg2 Qd7 21.
Qe3 Qb7+ 22. Qf3 Qxf3+ 1/2-1/2

[Event "Cincuentenario C.A. Villa Martelli"]
[Site "Villa Martelli ARG"]
[Date "2005.08.22"]
[Round "5.2"]
[White "Slipak, Sergio"]
[Black "Rodriguez, Andres"]
[Result "1/2-1/2"]
[WhiteElo "2489"]
[BlackElo "2523"]
[PlyCount "89"]
[EventDate "2005.08.17"]
[EventType "tourn"]
[EventRounds "2"]
[EventCountry "ARG"]
[EventCategory "13"]
[Source "lmi"]
[SourceDate "2005.08.28"]

1. d4 f5 2. Bg5 h6 3. Bh4 g5 4. e3 Nf6 5. Bg3 d6 6. Nc3 c6 7. f3 Qb6 8. Rb1 Bg7
9. Bd3 Na6 10. Nge2 Nb4 11. O-O Nxd3 12. Qxd3 O-O 13. h4 Rf7 14. hxg5 hxg5 15.
e4 f4 16. Bf2 g4 17. Nxf4 gxf3 18. d5 c5 19. Ne6 Ng4 20. gxf3 Nxf2 21. Rxf2 c4
22. Qf1 Rxf3 23. Kg2 Rxf2+ 24. Qxf2 Qxf2+ 25. Kxf2 Bxe6 26. dxe6 Rf8+ 27. Ke3
Rf6 28. Nd5 Rxe6 29. b3 c3 30. Rg1 Re5 31. Kd3 Rh5 32. Rg3 Kf7 33. Rf3+ Ke8 34.
Nxc3 e6 35. a4 Be5 36. Nb5 a6 37. Na3 Ke7 38. Nc4 Bh2 39. Nb6 Bg1 40. Nc4 d5
41. exd5 Rxd5+ 42. Ke2 b5 43. axb5 axb5 44. Nd2 b4 45. c3 1/2-1/2

[Event "Cincuentenario C.A. Villa Martelli"]
[Site "Villa Martelli ARG"]
[Date "2005.08.22"]
[Round "5.3"]
[White "Leitao, Rafael"]
[Black "Felgaer, Ruben"]
[Result "0-1"]
[WhiteElo "2598"]
[BlackElo "2618"]
[PlyCount "97"]
[EventDate "2005.08.17"]
[EventType "tourn"]
[EventRounds "2"]
[EventCountry "ARG"]
[EventCategory "13"]
[Source "lmi"]
[SourceDate "2005.08.28"]

1. d4 Nf6 2. c4 c5 3. d5 b5 4. Nf3 Bb7 5. a4 Qa5+ 6. Bd2 b4 7. Qc2 d6 8. g3 g6
9. Bh3 Bg7 10. O-O O-O 11. e4 Nbd7 12. Be3 Rae8 13. Nbd2 Qc7 14. Rae1 Bc8 15.
Nh4 Ne5 16. Bxc8 Qxc8 17. f3 e6 18. b3 exd5 19. cxd5 Qa6 20. Ng2 Re7 21. Kh1
Rc8 22. Rc1 Nd3 23. Rcd1 Nd7 24. f4 Nb2 25. Rb1 c4 26. bxc4 Nxc4 27. Qd3 Nb8
28. Nxc4 Qxc4 29. Qxc4 Rxc4 30. e5 Rb7 31. e6 fxe6 32. dxe6 Re4 33. g4 Rxe6 34.
f5 gxf5 35. gxf5 Re4 36. f6 Bf8 37. Bd2 Kf7 38. Ne3 Nd7 39. Nf5 d5 40. Bh6 Re6
41. Bxf8 Kxf8 42. Nd4 Rxf6 43. Rfd1 Ne5 44. Nb5 a6 45. Rxd5 axb5 46. Rxe5 bxa4
47. Ra5 a3 48. Ra8+ Kg7 49. Rb3 0-1

[Event "Cincuentenario C.A. Villa Martelli"]
[Site "Villa Martelli ARG"]
[Date "2005.08.23"]
[Round "6.1"]
[White "Valerga, Diego"]
[Black "Felgaer, Ruben"]
[Result "0-1"]
[WhiteElo "2499"]
[BlackElo "2618"]
[PlyCount "132"]
[EventDate "2005.08.17"]
[EventType "tourn"]
[EventRounds "2"]
[EventCountry "ARG"]
[EventCategory "13"]
[Source "lmi"]
[SourceDate "2005.08.28"]

1. e4 c5 2. Nf3 e6 3. d4 cxd4 4. Nxd4 a6 5. Bd3 Bc5 6. Nb3 Ba7 7. Qe2 Nc6 8.
Be3 d6 9. N1d2 Nf6 10. Bxa7 Rxa7 11. O-O O-O 12. Rfd1 Qc7 13. Qe3 Ng4 14. Qg3
e5 15. Nc4 b5 16. Ncd2 Be6 17. a4 Rb8 18. axb5 axb5 19. Rxa7 Qxa7 20. Ra1 Qb6
21. Be2 Nf6 22. Qd3 d5 23. exd5 Nxd5 24. Bf3 Rd8 25. Ne4 h6 26. Nec5 Ndb4 27.
Qc3 Bf5 28. h3 Rc8 29. Be4 Bxe4 30. Nxe4 Qd8 31. Qc5 Nd4 32. Qxe5 Nbxc2 33.
Nxd4 Nxa1 34. Nf5 Rc1+ 35. Kh2 Qf8 36. Qxb5 Nc2 37. Qe5 Kh7 38. Qf4 Re1 39.
Nxh6 gxh6 40. Qf5+ Kg7 41. Ng3 Nb4 42. Nh5+ Kh8 43. Nf6 Qd6+ 44. f4 Kg7 45.
Qg4+ Kxf6 46. Qh4+ Kg6 47. Qxe1 Qxf4+ 48. Kh1 Nd3 49. Qe2 Qc1+ 50. Kh2 Qf4+ 51.
Kh1 Qd4 52. b3 h5 53. Qc2 Kg5 54. g3 Qe3 55. Kh2 Ne1 56. Qb2 Nf3+ 57. Kg2 Ne1+
58. Kh2 Nf3+ 59. Kg2 Nd4 60. b4 Qe4+ 61. Kg1 Qd3 62. Qf2 Kg6 63. Kh2 Qe4 64.
Qb2 Nf3+ 65. Kg2 Ng5+ 66. Kh2 Qf5 0-1

[Event "Cincuentenario C.A. Villa Martelli"]
[Site "Villa Martelli ARG"]
[Date "2005.08.23"]
[Round "6.2"]
[White "Leitao, Rafael"]
[Black "Rodriguez, Andres"]
[Result "1-0"]
[WhiteElo "2598"]
[BlackElo "2523"]
[PlyCount "57"]
[EventDate "2005.08.17"]
[EventType "tourn"]
[EventRounds "2"]
[EventCountry "ARG"]
[EventCategory "13"]
[Source "lmi"]
[SourceDate "2005.08.28"]

1. d4 e6 2. c4 Bb4+ 3. Bd2 c5 4. Bxb4 cxb4 5. e4 Ne7 6. Nf3 d5 7. Nbd2 Nbc6 8.
Be2 O-O 9. O-O dxe4 10. Nxe4 Nf5 11. d5 exd5 12. cxd5 Nce7 13. d6 Ng6 14. Bc4
Bd7 15. Qd2 Qb6 16. Rad1 Rad8 17. Rfe1 Bc6 18. Bd5 Rd7 19. Bxc6 bxc6 20. Qg5
Qb5 21. g4 Nfh4 22. Nxh4 Qxg5 23. Nxg5 Nxh4 24. Re7 Rdd8 25. Rxa7 h6 26. Ne4 f5
27. Nc5 Rfe8 28. d7 Re5 29. Rc7 1-0

[Event "Cincuentenario C.A. Villa Martelli"]
[Site "Villa Martelli ARG"]
[Date "2005.08.25"]
[Round "8.1"]
[White "Valerga, Diego"]
[Black "Rodriguez, Andres"]
[Result "1/2-1/2"]
[WhiteElo "2499"]
[BlackElo "2523"]
[PlyCount "58"]
[EventDate "2005.08.17"]
[EventType "tourn"]
[EventRounds "2"]
[EventCountry "ARG"]
[EventCategory "13"]
[Source "lmi"]
[SourceDate "2005.08.28"]

1. e4 d6 2. d4 g6 3. Nc3 Nd7 4. Nf3 Bg7 5. Be3 a6 6. Qd2 b5 7. O-O-O Ngf6 8. e5
Ng4 9. Bf4 Bb7 10. h3 dxe5 11. hxg4 exf4 12. Qxf4 Nf6 13. Ne5 b4 14. Na4 Bd5
15. Nc5 h6 16. Bd3 g5 17. Qd2 a5 18. f4 gxf4 19. Qxf4 Qd6 20. g5 hxg5 21. Qxg5
Rxh1 22. Rxh1 Kf8 23. Rh3 Rd8 24. Bb5 Bxa2 25. Rg3 Ne8 26. b3 Qxd4 27. Ng6+ Kg8
28. Nxe7+ Kf8 29. Ng6+ Kg8 1/2-1/2

[Event "Cincuentenario C.A. Villa Martelli"]
[Site "Villa Martelli ARG"]
[Date "2005.08.25"]
[Round "8.3"]
[White "Leitao, Rafael"]
[Black "Slipak, Sergio"]
[Result "1-0"]
[WhiteElo "2598"]
[BlackElo "2489"]
[PlyCount "73"]
[EventDate "2005.08.17"]
[EventType "tourn"]
[EventRounds "2"]
[EventCountry "ARG"]
[EventCategory "13"]
[Source "lmi"]
[SourceDate "2005.08.28"]

1. d4 d5 2. c4 dxc4 3. Nf3 a6 4. e3 e6 5. Bxc4 c5 6. O-O Nf6 7. a4 Nc6 8. Qe2
cxd4 9. Rd1 Be7 10. exd4 O-O 11. Nc3 Nd5 12. Bb3 Re8 13. h4 Ncb4 14. h5 b6 15.
Ne5 Bb7 16. a5 b5 17. h6 g6 18. Ne4 Rc8 19. Be3 Nxe3 20. Qxe3 Nd5 21. Qg3 Ba8
22. Ng4 f6 23. Rac1 Rxc1 24. Rxc1 Rf8 25. Nc5 Bd6 26. Nxe6 Qe7 27. Nf4 Qe4 28.
Nxd5 Bxd5 29. Ne3 Bxg3 30. Bxd5+ Qxd5 31. Nxd5 Bb8 32. Rc6 f5 33. Nf6+ Kh8 34.
Rxa6 Rd8 35. Rb6 Rc8 36. g3 Bc7 37. Rc6 1-0

[Event "Cincuentenario C.A. Villa Martelli"]
[Site "Villa Martelli ARG"]
[Date "2005.08.26"]
[Round "9.1"]
[White "Leitao, Rafael"]
[Black "Valerga, Diego"]
[Result "1/2-1/2"]
[WhiteElo "2598"]
[BlackElo "2499"]
[PlyCount "47"]
[EventDate "2005.08.17"]
[EventType "tourn"]
[EventRounds "2"]
[EventCountry "ARG"]
[EventCategory "13"]
[Source "lmi"]
[SourceDate "2005.08.28"]

1. e4 c5 2. Nf3 e6 3. d4 cxd4 4. Nxd4 Nf6 5. Nc3 d6 6. Be2 Be7 7. O-O O-O 8. f4
Nc6 9. Kh1 a6 10. a4 Qc7 11. Be3 Bd7 12. Nb3 b6 13. g4 d5 14. e5 Ne4 15. Nxe4
dxe4 16. c3 Rad8 17. Qe1 Na5 18. Nd2 Bc8 19. Nxe4 Bb7 20. Bf3 Nc4 21. Qe2 Nxe3
22. Qxe3 Rd7 23. Rad1 Rfd8 24. Rxd7 1/2-1/2

[Event "Cincuentenario C.A. Villa Martelli"]
[Site "Villa Martelli ARG"]
[Date "2005.08.26"]
[Round "9.2"]
[White "Slipak, Sergio"]
[Black "Felgaer, Ruben"]
[Result "1/2-1/2"]
[WhiteElo "2489"]
[BlackElo "2618"]
[PlyCount "26"]
[EventDate "2005.08.17"]
[EventType "tourn"]
[EventRounds "2"]
[EventCountry "ARG"]
[EventCategory "13"]
[Source "lmi"]
[SourceDate "2005.08.28"]

1. d4 d5 2. c3 Nf6 3. Bg5 c6 4. Nd2 Bf5 5. f3 Nbd7 6. e3 h6 7. Bh4 Qb6 8. Qb3
e5 9. Bxf6 gxf6 10. g3 h5 11. Bh3 Bd3 12. f4 e4 13. Ne2 Qa6 1/2-1/2

[Event "Cincuentenario C.A. Villa Martelli ITT"]
[Site "Villa Martelli ARG"]
[Date "2005.08.17"]
[Round "1"]
[White "Cubas, Jose Fernando"]
[Black "Paglilla, Carlos"]
[Result "0-1"]
[WhiteElo "2451"]
[BlackElo "2386"]
[PlyCount "122"]
[EventDate "2005.08.30"]
[EventType "tourn"]
[EventRounds "9"]
[EventCountry "ARG"]
[Source "lmi"]
[SourceDate "2005.08.28"]

1. e4 d6 2. d4 e5 3. Nf3 Nd7 4. Bc4 c6 5. O-O Be7 6. dxe5 dxe5 7. Qe2 h6 8. Rd1
Qc7 9. a4 Ngf6 10. Nbd2 Nc5 11. b4 Ne6 12. Bb2 Nf4 13. Qe3 Ng6 14. Qb3 O-O 15.
h3 a5 16. bxa5 Rxa5 17. Bc3 Ra8 18. Qb2 Nd7 19. a5 Kh8 20. Re1 f6 21. Nf1 Rb8
22. Ne3 b5 23. axb6 Nxb6 24. Bb3 Nf4 25. Ba5 Qb7 26. Qc3 Kh7 27. Rab1 Qa6 28.
Kh2 Bd7 29. Red1 Be8 30. Nf5 Ne2 31. Qe1 Bc5 32. Bb4 Bxb4 33. Qxb4 Bg6 34. N3h4
Bxf5 35. Nxf5 Nd5 36. Qc4 Qxc4 37. Bxc4 Nec3 38. Rxb8 Rxb8 39. exd5 Nxd1 40.
dxc6 Rc8 41. Ne7 Rc7 42. Bd3+ g6 43. Bxg6+ Kg7 44. Bf5 Kf7 45. Nd5 Rxc6 46. f4
Rc5 47. Nb4 exf4 48. Be4 Ne3 49. Nd3 Rxc2 50. Nxf4 Rc4 51. Bd5+ Nxd5 52. Nxd5
Rd4 53. Ne3 Rd3 54. Nf1 Kg6 55. Kg1 Kg5 56. Kf2 Ra3 57. g3 h5 58. Ne3 h4 59.
gxh4+ Kxh4 60. Nd5 Ra5 61. Nf4 Rf5 0-1

[Event "Cincuentenario C.A. Villa Martelli ITT"]
[Site "Villa Martelli ARG"]
[Date "2005.08.17"]
[Round "1"]
[White "Lopez Gonzalez, Daniel"]
[Black "Cubas, Jose Fernando"]
[Result "1-0"]
[WhiteElo "2225"]
[BlackElo "2451"]
[PlyCount "71"]
[EventDate "2005.08.30"]
[EventType "tourn"]
[EventRounds "9"]
[EventCountry "ARG"]
[Source "lmi"]
[SourceDate "2005.08.28"]

1. c4 e5 2. Nc3 f5 3. g3 Nf6 4. Bg2 d6 5. e3 c6 6. Nge2 Be6 7. d3 Be7 8. O-O
O-O 9. Rb1 a5 10. a3 Nbd7 11. b4 axb4 12. axb4 Re8 13. Qc2 Rc8 14. c5 dxc5 15.
bxc5 Nxc5 16. d4 exd4 17. Nxd4 Bc4 18. Rd1 Qa5 19. Nxf5 Bf8 20. Nd4 Qa6 21. Bf1
Bxf1 22. Rxf1 Qc4 23. Ba3 b5 24. Rfd1 Ng4 25. Qa2 Qxa2 26. Nxa2 Ra8 27. Bxc5
Rxa2 28. Bxf8 Rxf8 29. f4 Nxh2 30. Rdc1 Re8 31. Rb3 Ng4 32. Nxc6 Nxe3 33. Ne5
Nf5 34. Rc7 Rd8 35. Rd3 Rxd3 36. Rc8+ 1-0

[Event "Cincuentenario C.A. Villa Martelli ITT"]
[Site "Villa Martelli ARG"]
[Date "2005.08.18"]
[Round "2"]
[White "Flores, Diego"]
[Black "De Dovitiis, Alejo"]
[Result "1/2-1/2"]
[WhiteElo "2513"]
[BlackElo "2345"]
[PlyCount "52"]
[EventDate "2005.08.30"]
[EventType "tourn"]
[EventRounds "9"]
[EventCountry "ARG"]
[Source "lmi"]
[SourceDate "2005.08.28"]

1. Nf3 d5 2. c4 e6 3. e3 Nf6 4. Nc3 c6 5. d4 Nbd7 6. Qc2 a6 7. b3 b5 8. Bd3 Bb7
9. O-O Be7 10. e4 bxc4 11. bxc4 dxe4 12. Nxe4 c5 13. d5 exd5 14. cxd5 Bxd5 15.
Bb2 Nxe4 16. Bxe4 Bxe4 17. Qxe4 O-O 18. Rad1 Bf6 19. Bc1 Qc8 20. Rd6 Re8 21.
Qd5 Ne5 22. Be3 Nxf3+ 23. Qxf3 Be7 24. Rc6 Qb7 25. Bxc5 Bxc5 26. Rxc5 Qxf3
1/2-1/2

[Event "Cincuentenario C.A. Villa Martelli ITT"]
[Site "Villa Martelli ARG"]
[Date "2005.08.18"]
[Round "2"]
[White "Lopez Gonzalez, Daniel"]
[Black "Fusco, Leonardo"]
[Result "1/2-1/2"]
[WhiteElo "2225"]
[BlackElo "2278"]
[PlyCount "73"]
[EventDate "2005.08.30"]
[EventType "tourn"]
[EventRounds "9"]
[EventCountry "ARG"]
[Source "lmi"]
[SourceDate "2005.08.28"]

1. Nf3 Nf6 2. c4 g6 3. Nc3 Bg7 4. e4 d6 5. d4 O-O 6. Be2 e5 7. O-O Nc6 8. d5
Ne7 9. Ne1 Nd7 10. Be3 f5 11. f3 f4 12. Bf2 g5 13. Rc1 Rf6 14. c5 Nxc5 15. b4
Na6 16. Nd3 c6 17. dxc6 bxc6 18. Nxe5 Nxb4 19. a3 Na6 20. Nxc6 Nxc6 21. Qd5+
Be6 22. Qxc6 Nc5 23. Nd5 Bxd5 24. Qxd5+ Kh8 25. e5 Rf5 26. Qxd6 Rxe5 27. Qxd8+
Rxd8 28. Rfd1 Rxd1+ 29. Rxd1 h6 30. Kf1 Bf6 31. Bd4 Rf5 32. Bf2 Be7 33. Bc4 Kg7
34. Bd4+ Bf6 35. Bf2 Be7 36. Bd4+ Bf6 37. Bf2 1/2-1/2

[Event "Cincuentenario C.A. Villa Martelli ITT"]
[Site "Villa Martelli ARG"]
[Date "2005.08.18"]
[Round "2"]
[White "Rey, Fernando"]
[Black "Della Morte, Pablo"]
[Result "1-0"]
[WhiteElo "2238"]
[BlackElo "2271"]
[PlyCount "79"]
[EventDate "2005.08.30"]
[EventType "tourn"]
[EventRounds "9"]
[EventCountry "ARG"]
[Source "lmi"]
[SourceDate "2005.08.28"]

1. e4 c5 2. Nc3 Nc6 3. Nf3 d6 4. d4 cxd4 5. Nxd4 Nf6 6. Bc4 Qb6 7. Nde2 e6 8.
O-O Be7 9. Bb3 a6 10. Kh1 Ng4 11. Qe1 g5 12. h3 Nge5 13. Be3 Qc7 14. f4 gxf4
15. Nxf4 b5 16. Nh5 Rg8 17. Nf6+ Bxf6 18. Rxf6 Bb7 19. Qf2 Qe7 20. Rf1 O-O-O
21. a4 b4 22. Nb1 Rg6 23. Rxg6 hxg6 24. Qg3 f6 25. c3 Na5 26. Bb6 Nxb3 27. cxb4
Rd7 28. Qxb3 Bxe4 29. Rc1+ Kb8 30. Nd2 Bb7 31. b5 axb5 32. axb5 f5 33. Qa3 Bd5
34. Qa6 Qf8 35. Ra1 Qg7 36. Nb3 Nc4 37. Nd4 Nxb6 38. Qxb6+ Kc8 39. Nc6 Bxg2+
40. Kg1 1-0

[Event "Cincuentenario C.A. Villa Martelli ITT"]
[Site "Villa Martelli ARG"]
[Date "2005.08.18"]
[Round "2"]
[White "Shcherbine, Andrei"]
[Black "Granara Barreto, Sebastian A"]
[Result "1/2-1/2"]
[WhiteElo "2250"]
[BlackElo "2223"]
[PlyCount "51"]
[EventDate "2005.08.30"]
[EventType "tourn"]
[EventRounds "9"]
[EventCountry "ARG"]
[Source "lmi"]
[SourceDate "2005.08.28"]

1. Nf3 Nf6 2. c4 e6 3. b3 d5 4. cxd5 exd5 5. Bb2 c5 6. e3 Nc6 7. Bb5 a6 8.
Bxc6+ bxc6 9. O-O Bg4 10. d4 Ne4 11. dxc5 Bxc5 12. Nbd2 Nxd2 13. Qxd2 Bxf3 14.
gxf3 Qg5+ 15. Kh1 Qh5 16. Qd1 Bd6 17. f4 Qxd1 18. Raxd1 f6 19. Rg1 Kf7 20. Rd4
a5 21. Rc1 Ra6 22. Ra4 Rb8 23. Ba3 Bb4 24. Kg2 Ke6 25. Kf3 Kd6 26. Bb2 1/2-1/2

[Event "Cincuentenario C.A. Villa Martelli ITT"]
[Site "Villa Martelli ARG"]
[Date "2005.08.19"]
[Round "3"]
[White "De Dovitiis, Alejo"]
[Black "Shcherbine, Andrei"]
[Result "1-0"]
[WhiteElo "2345"]
[BlackElo "2250"]
[PlyCount "53"]
[EventDate "2005.08.30"]
[EventType "tourn"]
[EventRounds "9"]
[EventCountry "ARG"]
[Source "lmi"]
[SourceDate "2005.08.28"]

1. e4 Nf6 2. e5 Nd5 3. d4 d6 4. c4 Nb6 5. f4 dxe5 6. fxe5 Nc6 7. Be3 Bf5 8. Nc3
e6 9. Be2 Nb4 10. Rc1 c5 11. Nf3 Be7 12. O-O O-O 13. a3 cxd4 14. Nxd4 Nc6 15.
Nxf5 exf5 16. Rxf5 Qxd1+ 17. Rxd1 g6 18. Rff1 Nxe5 19. Nd5 Nxd5 20. Rxd5 f6 21.
c5 Rab8 22. Bf4 Rbd8 23. Rfd1 Kf7 24. b4 Rfe8 25. Bxe5 Rxd5 26. Bc4 Red8 27.
Bd6 1-0

[Event "Cincuentenario C.A. Villa Martelli ITT"]
[Site "Villa Martelli ARG"]
[Date "2005.08.19"]
[Round "3"]
[White "Della Morte, Pablo"]
[Black "Lopez Gonzalez, Daniel"]
[Result "1-0"]
[WhiteElo "2271"]
[BlackElo "2225"]
[PlyCount "111"]
[EventDate "2005.08.30"]
[EventType "tourn"]
[EventRounds "9"]
[EventCountry "ARG"]
[Source "lmi"]
[SourceDate "2005.08.28"]

1. e4 e6 2. d4 d5 3. e5 c5 4. c3 Qb6 5. Nf3 Nc6 6. Be2 Nh6 7. Na3 cxd4 8. cxd4
Bxa3 9. bxa3 Nf5 10. Kf1 Nfxd4 11. Bd3 Nxf3 12. Qxf3 Bd7 13. Rb1 Qc7 14. Qg4
Ne7 15. Bb2 O-O 16. Qg5 Ng6 17. h4 h6 18. Qe3 Qa5 19. Bd4 b6 20. Rh3 Bc8 21. h5
Ne7 22. Rb5 Qa4 23. Rg3 Qd1+ 24. Qe1 Qxh5 25. Rh3 Qg4 26. Rb4 Nc6 27. f3 Qg5
28. Rg3 Qe7 29. Qc1 Nxd4 30. Qxh6 f5 31. Rxd4 Qc7 32. Rh4 Qxe5 33. Qh7+ Kf7 34.
Qg6+ Ke7 35. Rh7 Qa1+ 36. Kf2 Qd4+ 37. Ke2 Qb2+ 38. Kf1 Rf7 39. Qg5+ Qf6 40.
Qc1 Bd7 41. Ba6 g6 42. Rgh3 Raf8 43. Qc7 Qa1+ 44. Kf2 Qd4+ 45. Kf1 Kf6 46.
Rxf7+ Rxf7 47. Qd8+ Re7 48. Qf8+ Rf7 49. Qh8+ Rg7 50. Qd8+ Re7 51. Rh7 Qd1+ 52.
Kf2 Qd2+ 53. Kg3 Qe1+ 54. Kh2 Qe5+ 55. Kh3 Qd6 56. Qf8+ 1-0

[Event "Cincuentenario C.A. Villa Martelli ITT"]
[Site "Villa Martelli ARG"]
[Date "2005.08.19"]
[Round "3"]
[White "Fusco, Leonardo"]
[Black "Cubas, Jose Fernando"]
[Result "0-1"]
[WhiteElo "2278"]
[BlackElo "2451"]
[PlyCount "62"]
[EventDate "2005.08.30"]
[EventType "tourn"]
[EventRounds "9"]
[EventCountry "ARG"]
[Source "lmi"]
[SourceDate "2005.08.28"]

1. e4 e6 2. d3 d5 3. Nd2 c5 4. Ngf3 Nc6 5. g3 Nge7 6. Bg2 g6 7. O-O Bg7 8. Re1
b6 9. c3 Bb7 10. h4 h6 11. Qe2 Qc7 12. a3 a5 13. exd5 Nxd5 14. Ne4 O-O-O 15.
Rb1 Rhe8 16. d4 f5 17. Ned2 cxd4 18. cxd4 e5 19. dxe5 Nxe5 20. Qb5 Kb8 21. Nxe5
Rxe5 22. Rxe5 Qxe5 23. Nf3 Qe4 24. Ra1 Ka7 25. Bd2 Nc7 26. Qf1 Bxb2 27. Re1 Qc2
28. Re7 Bxf3 29. Bxf3 Rxd2 30. Qb5 Bd4 31. Rxc7+ Qxc7 0-1